Der Marxismus-Leninismus über Religion und Kirche.

Saved in:
Bibliographic Details
Main Author: Scheler, Hermann.
Format: Book
Language:German
Published: Leipzig, Urania-Verl., 1956.
Series:Schriftenreihe der Gesellschaft zur Verbreitung wissenschaftlicher Kenntnisse, Reihe D: Gesellschaftwissenschaften, Heft 5
Subjects:
Tags: Add Tag
No Tags, Be the first to tag this record!
LEADER 00659nam a2200205I 4500
001 001753616-2
005 20020606090541.3
008 760805s1956 ge 00000 ger d
035 0 |a ocm02355916 
040 |a BHA  |c BHA 
090 |a HX536  |b .S34 
100 1 |a Scheler, Hermann. 
245 1 4 |a Der Marxismus-Leninismus über Religion und Kirche. 
260 0 |a Leipzig,  |b Urania-Verl.,  |c 1956. 
300 |a 42 p.  |c 17 cm. 
490 0 |a Schriftenreihe der Gesellschaft zur Verbreitung wissenschaftlicher Kenntnisse, Reihe D: Gesellschaftwissenschaften,  |v Heft 5 
504 |a Bibliographical footnotes. 
650 0 |a Communism and religion. 
988 |a 20020608 
906 |0 MH